Újszülöttek lázas megbetegedése Szegeden nem észlelték /
Elmentve itt :
| Szerzők: | |
|---|---|
| Dokumentumtípus: | Cikk |
| Megjelent: |
1989-08-15
|
| Sorozat: | Délmagyarország
79 No. 191 |
| Kulcsszavak: | Kajáry Irén, betegségek, járványok |
| Online Access: | http://dmarchiv.bibl.u-szeged.hu/95309 |
| LEADER | 00537nab a2200169 i 4500 | ||
|---|---|---|---|
| 001 | delm95309 | ||
| 005 | 20190920140206.0 | ||
| 008 | 190920s1989 hu o 0|| hun d | ||
| 040 | |a SZTE Délmagyarország Archívum |b hun | ||
| 041 | |a hun | ||
| 100 | 1 | |a Kiss Ilona | |
| 245 | 1 | 0 | |a Újszülöttek lázas megbetegedése |h [elektronikus dokumentum] : |b Szegeden nem észlelték / |c Kiss Ilona |
| 260 | |c 1989-08-15 | ||
| 300 | |a 5 | ||
| 490 | 0 | |a Délmagyarország |v 79 No. 191 | |
| 695 | |a Kajáry Irén, betegségek, járványok | ||
| 700 | 0 | 1 | |a Kajáry Irén |e aut |